| 000 | 00548nam a2200181Ia 4500 | ||
|---|---|---|---|
| 003 | OSt | ||
| 005 | 20200827095917.0 | ||
| 008 | 190216s9999||||xx |||||||||||||| ||und|| | ||
| 020 | _a9788131503515 | ||
| 040 | _coclc | ||
| 082 |
_a658.4038 _bFRE/M |
||
| 100 |
_aFrenzel, Carroll W _94369 |
||
| 245 | 0 |
_aManagement Of Information Technology / _cCarrol W Frenzel ; John C Frenzel |
|
| 250 | _a4th Ed. | ||
| 260 |
_bCengage Learning, _c2010. _aNew Delhi: |
||
| 300 | _a599p | ||
| 942 |
_cBK _2ddc _h658.4038 _iFRE/M _k658.4038 _mFRE/M |
||
| 999 |
_c9024 _d9024 |
||